[Event "Women's Speed Chess Q5"]
[Site "chess.com INT"]
[Date "2021.06.04"]
[Round "7"]
[White "Nurmanova, Alua"]
[Black "Dauletova, Gulmira"]
[Result "0-1"]
[WhiteTitle "WFM"]
[BlackTitle "WGM"]
[WhiteElo "2093"]
[BlackElo "2257"]
[WhiteFideId "13729390"]
[BlackFideId "13702971"]
[EventDate "2021.06.04"]

1. e4 e5 2. Nf3 Nc6 3. Bb5 a6 4. Ba4 Nf6 5. O-O Be7 6. Re1 b5 7. Bb3 d6 8. c3
O-O 9. h3 Na5 10. Bc2 c5 11. d4 Nd7 12. d5 Qc7 13. Nbd2 Nb6 14. b3 Bd7 15. Nf1
c4 16. b4 Nb7 17. Be3 a5 18. a3 axb4 19. cxb4 Na4 20. Bxa4 Rxa4 21. Qc2 f5 22.
Bg5 Qd8 23. Bxe7 Qxe7 24. exf5 Bxf5 25. Qc3 Qf7 26. Ra2 Qxd5 27. Rd2 Qe6 28. Qe3
Qf7 29. Ng3 h6 30. Qb6 Bxh3 31. Qxb5 Rxa3 32. Nxe5 dxe5 33. gxh3 Rf3 34. Qb6 c3
35. Rde2 e4 36. Rxe4 Rxf2 37. Re7 Qd5 38. Ne4 R2f4 39. Qxb7 Qd4+ 40. Kh1 Rf1+
41. Rxf1 Rxf1+ 42. Kg2 Qg1# 0-1

[Event "Women's Speed Chess Q5"]
[Site "chess.com INT"]
[Date "2021.06.04"]
[Round "7"]
[White "Kulkarni, Bhakti"]
[Black "Papp, Petra"]
[Result "1-0"]
[WhiteTitle "IM"]
[BlackTitle "WGM"]
[WhiteElo "2391"]
[BlackElo "2336"]
[WhiteFideId "5019516"]
[BlackFideId "739049"]
[EventDate "2021.06.04"]

1. d4 Nf6 2. Nf3 g6 3. g3 Bg7 4. Bg2 O-O 5. O-O d6 6. b3 c6 7. Bb2 Qa5 8. c4 Qh5
9. Nc3 Bh3 10. e4 Bxg2 11. Kxg2 Nbd7 12. h3 g5 13. Qe2 Qg6 14. Qe3 Bh6 15. g4 e5
16. dxe5 dxe5 17. Rad1 Rfe8 18. Ba3 Re6 19. Rfe1 a5 20. Ng1 Bf8 21. Bxf8 Nxf8
22. Nge2 h5 23. f3 h4 24. Na4 Qh6 25. Nc5 Re7 26. Qc3 Ng6 27. Rd2 b6 28. Na4 Rb8
29. Red1 Ne8 30. Rd8 Reb7 31. c5 b5 32. Nb6 Kg7 33. Qxa5 Nc7 34. Rxb8 Rxb8 35.
Qa7 Na6 36. Qxa6 Nf4+ 37. Nxf4 exf4 38. Qa7 Re8 39. Qd7 Rf8 40. Rd6 Qh7 41. Qxc6
Kg8 42. Qd5 Qg7 43. e5 Kh8 44. Rd8 Kh7 45. Rxf8 Qxf8 46. Qd6 Qe8 47. c6 b4 48.
c7 Qb5 49. Nc4 Qa6 50. Qxa6 1-0

[Event "Women's Speed Chess Q5"]
[Site "chess.com INT"]
[Date "2021.06.04"]
[Round "7"]
[White "Zhuravleva, Olga"]
[Black "Pourkashiyan, Atousa"]
[Result "0-1"]
[WhiteTitle "WIM"]
[BlackTitle "WGM"]
[WhiteElo "2278"]
[BlackElo "2322"]
[WhiteFideId "4145933"]
[BlackFideId "12502014"]
[EventDate "2021.06.04"]

1. e4 c5 2. Nf3 e6 3. d4 cxd4 4. Nxd4 a6 5. Nc3 Qc7 6. f4 b5 7. a3 Bb7 8. Bd3
Nf6 9. Nb3 d6 10. O-O Nbd7 11. Kh1 Be7 12. Qf3 Nc5 13. Nd4 O-O 14. Bd2 d5 15. e5
Nfe4 16. Be3 Nxc3 17. bxc3 Ne4 18. Rae1 g6 19. Qh3 Qxc3 20. f5 exf5 21. e6 Bf6
22. Ne2 Qc7 23. Nf4 Rae8 24. exf7+ Rxf7 25. Ne2 Ng5 26. Bxg5 Bxg5 27. Nd4 Rxe1
28. Rxe1 Re7 29. Rxe7 Qxe7 30. Qg3 Kf7 31. h3 Bf6 32. Nf3 d4 33. Qf4 Be4 34.
Bxe4 Qxe4 35. Qc7+ Qe7 36. Qc8 a5 37. Qc6 b4 38. Qd5+ Kg7 39. axb4 axb4 40. Qc4
Qd6 41. Qb5 h5 42. Qb7+ Kh6 43. Qc8 h4 44. Qg8 Qe7 0-1

[Event "Women's Speed Chess Q5"]
[Site "chess.com INT"]
[Date "2021.06.04"]
[Round "7"]
[White "Komiagina, Maria"]
[Black "Nomin-Erdene, Davaademberel"]
[Result "0-1"]
[WhiteTitle "WIM"]
[BlackTitle "IM"]
[WhiteElo "2241"]
[BlackElo "2382"]
[WhiteFideId "4153987"]
[BlackFideId "4900782"]
[EventDate "2021.06.04"]

1. e4 c6 2. d4 d5 3. e5 Bf5 4. h4 h5 5. Bd3 Bxd3 6. Qxd3 e6 7. Bg5 Be7 8. Nf3
Qa5+ 9. Nbd2 Qa6 10. c4 Nd7 11. O-O Bxg5 12. Nxg5 Ne7 13. b3 Nf5 14. Ndf3 Nb6
15. Rfc1 Rd8 16. Qc3 dxc4 17. bxc4 O-O 18. a4 Nxa4 19. Qc2 b5 20. c5 Qb7 21. Rd1
Qe7 22. g3 Rd5 23. Ne4 Rfd8 24. Nd6 f6 25. Nxf5 exf5 26. Qxf5 Qf7 27. Qc2 fxe5
28. Ng5 Qf6 29. Qh7+ Kf8 30. Qxh5 Ke7 31. dxe5 Rxd1+ 32. Rxd1 Rxd1+ 33. Qxd1
Qxe5 34. Qf3 Qf6 35. Qe4+ Kd7 36. Nf3 Nxc5 37. Ne5+ Kc7 38. Qe3 Qd6 39. Kh2 a5
40. Nf7 Qd5 41. Qe7+ Nd7 42. h5 a4 43. h6 gxh6 44. f4 a3 0-1

[Event "Women's Speed Chess Q5"]
[Site "chess.com INT"]
[Date "2021.06.04"]
[Round "7"]
[White "Socko, Monika"]
[Black "Buksa, Nataliya"]
[Result "1-0"]
[WhiteTitle "GM"]
[BlackTitle "IM"]
[WhiteElo "2393"]
[BlackElo "2413"]
[WhiteFideId "1106619"]
[BlackFideId "14123622"]
[EventDate "2021.06.04"]

1. d4 d5 2. c4 e6 3. Nf3 Nf6 4. g3 Be7 5. Bg2 O-O 6. O-O dxc4 7. Qa4 b6 8. Qxc4
Bb7 9. b3 Nbd7 10. Bb2 c5 11. Rd1 Rc8 12. Nc3 cxd4 13. Qxd4 Bc5 14. Qh4 Qe7 15.
Na4 Ba3 16. Bxa3 Qxa3 17. Ng5 Bxg2 18. Kxg2 Ne5 19. Ne4 Nd5 20. Rd2 Qb4 21. Rxd5
Nc6 22. Rh5 h6 23. Rc1 Qa3 24. Rc2 b5 25. Nac5 Nd4 26. Rd2 Nf5 27. Qf4 Rxc5 28.
Nxc5 Qxc5 29. e4 Ne3+ 30. Qxe3 Qxh5 31. Qxa7 Qe5 32. Qd4 Qc7 33. a4 bxa4 34.
bxa4 Qa5 35. Rc2 Ra8 36. Rc4 Rb8 37. Qd7 Qe1 38. Rc8+ Rxc8 39. Qxc8+ Kh7 40. Qc4
h5 41. h4 Kh6 42. Qd3 Kh7 43. Qe3 Qb4 44. Qf3 g6 45. Qxf7+ Kh6 46. Qxe6 Qxa4 47.
Qe7 Qd4 48. f3 1-0

[Event "Women's Speed Chess Q5"]
[Site "chess.com INT"]
[Date "2021.06.04"]
[Round "7"]
[White "Zaksaite, Salomeja"]
[Black "Sedina, Elena"]
[Result "1-0"]
[WhiteTitle "WIM"]
[BlackTitle "IM"]
[WhiteElo "2202"]
[BlackElo "2294"]
[WhiteFideId "12801496"]
[BlackFideId "812153"]
[EventDate "2021.06.04"]

1. e4 e6 2. d4 d5 3. Nc3 Bb4 4. e5 c5 5. a3 Bxc3+ 6. bxc3 Ne7 7. h4 Qc7 8. Nf3
h6 9. h5 b6 10. Rh4 Ba6 11. Bxa6 Nxa6 12. Rg4 Nf5 13. Qd3 Nb8 14. Nh4 Nxh4 15.
Rxh4 Nd7 16. Rg4 Rc8 17. Kd1 Kf8 18. a4 cxd4 19. cxd4 Qc4 20. Ba3+ Kg8 21. Be7
Nxe5 22. Rxg7+ Kxg7 23. dxe5 Qxd3+ 24. cxd3 Rhe8 25. Bf6+ Kg8 26. a5 b5 27. Rb1
a6 28. Rb4 Rc3 29. Rg4+ Kf8 30. Bg7+ Ke7 31. Kd2 Rec8 32. Bxh6 Rb3 33. Bg5+ Kd7
34. Bf6 b4 35. h6 Rb2+ 36. Ke3 b3 37. h7 Rb1 38. Rb4 b2 39. Kf3 Rh1 40. h8=Q
Rhxh8 41. Bxh8 Rxh8 42. Rxb2 Rc8 43. Rb7+ Ke8 44. Rb6 1-0

[Event "Women's Speed Chess Q5"]
[Site "chess.com INT"]
[Date "2021.06.04"]
[Round "7"]
[White "Zakirova, Aisha"]
[Black "Nanditha, V"]
[Result "1-0"]
[WhiteTitle "WCM"]
[BlackTitle "WCM"]
[WhiteElo "1585"]
[BlackElo "1666"]
[WhiteFideId "13719734"]
[BlackFideId "46626697"]
[EventDate "2021.06.04"]

1. d4 d5 2. c4 e6 3. Nf3 Nf6 4. Nc3 Be7 5. Qc2 O-O 6. Bg5 c5 7. cxd5 cxd4 8.
Nxd4 Nxd5 9. Bxe7 Qxe7 10. Nxd5 exd5 11. a3 Bd7 12. e3 Nc6 13. Nxc6 bxc6 14. Bd3
d4 15. e4 f5 16. O-O f4 17. e5 Qh4 18. Qc4+ Kh8 19. Qxd4 Rad8 20. Qc4 Qh6 21.
Be4 f3 22. Bxf3 Rxf3 23. gxf3 Bh3 24. Kh1 Bxf1 25. Rxf1 Qh3 26. Re1 Qxf3+ 27.
Kg1 Rf8 28. Qe2 Qh3 29. e6 Rf6 30. Qe4 Rg6+ 31. Kh1 Rg4 32. Qxc6 g6 33. e7 Kg7
34. e8=Q Kh6 35. Qf8+ Kh5 36. Qd5+ Rg5 37. Qd1+ Kh4 38. Re4+ Rg4 39. Rxg4+ Qxg4
40. Qxg4+ Kxg4 41. Qf7 h5 42. Qxa7 h4 43. b4 Kh3 44. b5 g5 45. b6 g4 46. b7 g3
47. fxg3 hxg3 48. hxg3 Kxg3 49. b8=Q+ Kf3 50. Qe5 Kg4 51. Qg1+ Kf3 52. Qgg3# 1-0

[Event "Women's Speed Chess Q5"]
[Site "chess.com INT"]
[Date "2021.06.04"]
[Round "7"]
[White "Agrest, Inna"]
[Black "Vo, Thi Kim Phung"]
[Result "0-1"]
[WhiteTitle "WIM"]
[BlackTitle "WGM"]
[WhiteElo "2285"]
[BlackElo "2335"]
[WhiteFideId "1708830"]
[BlackFideId "12401838"]
[EventDate "2021.06.04"]

1. e4 e6 2. d4 d5 3. Nc3 Nf6 4. Bg5 dxe4 5. Nxe4 Be7 6. Bxf6 gxf6 7. Nf3 f5 8.
Nc3 a6 9. Qe2 Qd6 10. O-O-O Nd7 11. Kb1 b5 12. a3 Bb7 13. Ne5 Nxe5 14. dxe5 Qc5
15. Rg1 h5 16. h3 Rd8 17. Rxd8+ Kxd8 18. g3 Kc8 19. Bg2 h4 20. Bxb7+ Kxb7 21. g4
Rg8 22. Rd1 fxg4 23. hxg4 Qc6 24. Ne4 h3 25. f3 Rh8 26. Qh2 a5 27. Rd3 b4 28.
Nf2 bxa3 29. bxa3 Ka7 30. Nxh3 Rb8+ 31. Kc1 Qb5 32. Qf4 Bxa3+ 33. Kd2 Bb4+ 34.
Kd1 Bc5 35. Qxf7 Qb1+ 36. Kd2 Bb4+ 37. Ke3 Qe1+ 38. Kf4 Bd2+ 39. Rxd2 Qxd2+ 40.
Kg3 Qe1+ 41. Nf2 Qxe5+ 42. f4 Qe3+ 43. Kg2 Rb7 44. Qd7 Qc5 45. Qxe6 Qxc2 46. g5
Qc5 0-1

[Event "Women's Speed Chess Q5"]
[Site "chess.com INT"]
[Date "2021.06.04"]
[Round "7"]
[White "Morris-Suzuki, Sophie"]
[Black "Kotepalli, Sai Nirupama"]
[Result "1-0"]
[WhiteTitle "WFM"]
[BlackTitle "WFM"]
[WhiteElo "2043"]
[BlackElo "1914"]
[WhiteFideId "30922615"]
[BlackFideId "5039444"]
[EventDate "2021.06.04"]

1. e4 c5 2. Nf3 e6 3. d4 cxd4 4. Nxd4 Nf6 5. Nc3 Nc6 6. Qd3 d5 7. exd5 exd5 8.
Bg5 Be7 9. O-O-O Be6 10. Nf5 O-O 11. Nxe7+ Qxe7 12. Be2 h6 13. Bh4 Ne5 14. Qd4
Ng6 15. Bxf6 Qxf6 16. Qxf6 gxf6 17. Nxd5 Bxd5 18. Rxd5 Nf4 19. Rd2 Rad8 20. g3
Rxd2 21. Kxd2 Rd8+ 22. Bd3 Ne6 23. Re1 Ng5 24. Re7 Nf3+ 25. Ke3 Nxh2 26. Rxb7
Ng4+ 27. Kf3 Ne5+ 28. Ke4 Nc6 29. Ke3 Kg7 30. f4 Re8+ 31. Kd2 Rd8 32. Rc7 Rd6
33. Ke3 a5 34. a3 Nd4 35. Rc5 Nc6 36. Be4 Nd4 37. Rxa5 Ne6 38. Rd5 Rb6 39. b4
Ra6 40. Rd3 Nc7 41. c4 Re6 42. Kf3 f5 43. Bxf5 Re1 44. c5 Ne8 45. c6 Rf1+ 46.
Ke2 Rc1 47. b5 Rc5 48. Bd7 Nc7 49. b6 Na6 50. c7 Nxc7 51. bxc7 Rxc7 52. Bf5 Kf6
53. g4 h5 54. Kf3 hxg4+ 55. Bxg4 Rc1 56. Rd6+ Ke7 57. Ra6 Rc3+ 58. Ke4 Rc4+ 59.
Kf3 Rc3+ 60. Kg2 Rc2+ 61. Kg3 Rc3+ 62. Bf3 Rc1 63. a4 Ra1 64. a5 f5 65. Ra7+ Kd6
66. a6 Kc5 67. Bb7 Kb6 68. Ra8 Ra3+ 69. Kh4 Ra5 70. Kg5 Kc7 71. Rf8 Kb6 72. Rxf5
Ra1 73. Rf6+ Ka7 74. f5 Rg1+ 75. Kf4 Kb8 76. Rf8+ Ka7 77. Ra8+ Kb6 78. f6 Kc7
79. f7 Rf1+ 80. Bf3 1-0

[Event "Women's Speed Chess Q5"]
[Site "chess.com INT"]
[Date "2021.06.04"]
[Round "7"]
[White "Varshini, V"]
[Black "Belenkaya, Dina"]
[Result "0-1"]
[WhiteTitle "WGM"]
[BlackTitle "WGM"]
[WhiteElo "2226"]
[BlackElo "2341"]
[WhiteFideId "5091241"]
[BlackFideId "24142654"]
[EventDate "2021.06.04"]

1. e4 d5 2. exd5 Qxd5 3. Nc3 Qe5+ 4. Be2 c6 5. Nf3 Qc7 6. O-O Nf6 7. d4 Bf5 8.
h3 e6 9. Be3 Nbd7 10. Ne5 Nxe5 11. dxe5 Qxe5 12. Bd4 Qc7 13. Bxf6 gxf6 14. Qd4
Qe5 15. Qa4 Bd6 16. f4 Qe3+ 17. Kh2 O-O 18. Rf3 b5 19. Rxe3 bxa4 20. Rf1 Bxc2
21. Bd3 Bxd3 22. Rxd3 Rfd8 23. Rg3+ Kf8 24. Nxa4 Rab8 25. b3 Rb4 26. Rgf3 Bc7
27. g3 Rd2+ 28. R1f2 Rbd4 29. Kg2 Bb6 30. Nxb6 axb6 31. a4 f5 32. Rc3 c5 33. a5
bxa5 34. Rxc5 Rd5 35. Rc3 Rxf2+ 36. Kxf2 Ke7 37. h4 h5 38. Ke3 Kd6 39. Kf2 f6
40. Rc8 Rb5 41. Ra8 Kd5 42. Rd8+ Ke4 43. Re8 e5 44. fxe5 fxe5 45. Ra8 Rd5 46.
Ra6 Rc5 47. Ra7 Rc2+ 48. Kg1 Rc3 49. Kg2 Rc2+ 50. Kh3 Rc5 51. Rh7 Rb5 52. Rxh5
Rxb3 53. Rh7 f4 54. Rg7 a4 55. h5 a3 56. h6 a2 0-1

[Event "Women's Speed Chess Q5"]
[Site "chess.com INT"]
[Date "2021.06.04"]
[Round "7"]
[White "Sliwicka, Alicja"]
[Black "Padmini, Rout"]
[Result "1/2-1/2"]
[WhiteTitle "WIM"]
[BlackTitle "IM"]
[WhiteElo "2308"]
[BlackElo "2370"]
[WhiteFideId "1150677"]
[BlackFideId "5029295"]
[EventDate "2021.06.04"]

1. e4 c5 2. Nf3 e6 3. d4 cxd4 4. Nxd4 Nc6 5. Nc3 Nf6 6. Nb3 Bb4 7. Bd3 O-O 8.
O-O Ne5 9. Bd2 d6 10. f4 Nxd3 11. cxd3 Bd7 12. Kh1 Bc6 13. a3 Bc5 14. Nxc5 dxc5
15. Be3 b6 16. b4 cxb4 17. axb4 Qd7 18. Qe2 Rfd8 19. Rfd1 Bb5 20. Nxb5 Qxb5 21.
Qb2 Rxd3 22. Rxd3 Qxd3 23. Bxb6 Nxe4 24. Qd4 Qe2 25. Bxa7 f5 26. Rc1 h5 27. Qb6
Nf6 28. Qe3 Qa2 29. Bd4 Ng4 30. Qc3 Qd5 31. Qc5 Qe4 32. Qc6 Qxd4 33. Qxa8+ Kh7
34. h3 Nf2+ 35. Kh2 Qxf4+ 36. Kg1 Qxc1+ 37. Kxf2 Qb2+ 38. Kg1 Qxb4 39. Qc6 Qd4+
40. Kh1 Qe5 41. Qd7 Kh6 42. Qf7 Qe1+ 43. Kh2 Qe5+ 44. Kh1 Qf6 45. Qe8 h4 46.
Qh8+ Kg5 47. Qc8 Qa1+ 48. Kh2 Qe5+ 49. Kh1 Qe1+ 50. Kh2 Qg3+ 51. Kh1 Qe5 52.
Qd8+ Qf6 53. Qd2+ Kg6 54. Qe1 e5 55. Qe2 e4 56. Qe3 Qe5 57. Qb6+ Kg5 58. Qd8+
Qf6 59. Qd2+ f4 60. Qd5+ Qf5 61. Qd8+ Kh5 62. Qe8+ g6 63. Qh8+ Kg5 64. Qd8+ Qf6
65. Qd5+ Qf5 66. Qd8+ Kh6 67. Qh8+ Kg5 68. Qd8+ 1/2-1/2

[Event "Women's Speed Chess Q5"]
[Site "chess.com INT"]
[Date "2021.06.04"]
[Round "7"]
[White "Vu, Bui Thi Thanh Van"]
[Black "Kabanova, Ekaterina"]
[Result "1-0"]
[WhiteTitle "WFM"]
[BlackTitle "WFM"]
[WhiteElo "1750"]
[BlackElo "2138"]
[WhiteFideId "12408921"]
[BlackFideId "24112917"]
[EventDate "2021.06.04"]

1. d4 c5 2. e3 e6 3. Nf3 a6 4. Bd3 Qc7 5. c3 Nf6 6. Nbd2 b5 7. a3 Bb7 8. e4 Be7
9. O-O d6 10. Re1 Nbd7 11. Nf1 h5 12. Bf4 c4 13. Bc2 e5 14. Bg5 g6 15. Qd2 a5
16. a4 Bc6 17. axb5 Bxb5 18. Ne3 O-O 19. Ba4 Bxa4 20. Bxf6 Bxf6 21. Rxa4 Nb6 22.
Ra2 exd4 23. Nxd4 Qc5 24. Nf3 Rfe8 25. Nc2 Bg7 26. Raa1 Nd7 27. Rad1 Ra6 28. Qe2
Rb8 29. Na3 Rc6 30. Rd5 Qb6 31. Nxc4 Qa6 32. Nxa5 Qxe2 33. Rxe2 Ra6 34. Nc4 Bf8
35. g3 Nf6 36. Rd4 Ra1+ 37. Kg2 Rb1 38. Nfd2 Rd1 39. Nf1 Rb1 40. Nfe3 h4 41. b4
Rc8 42. f3 hxg3 43. hxg3 Kg7 44. Rc2 Re1 45. Kf2 Rh1 46. Kg2 Re1 47. Nf1 Ra1 48.
Nfd2 d5 49. exd5 Nd7 50. d6 Re8 51. Ne4 f5 52. Ng5 Ree1 53. Rdd2 Rg1+ 54. Kf2
Rae1 55. Re2 Rgf1+ 56. Ke3 Rxe2+ 57. Kxe2 Kf6 58. Kxf1 Kxg5 59. b5 Bg7 60. b6
Nxb6 61. Nxb6 f4 62. gxf4+ Kxf4 63. d7 Bf6 64. Rd2 g5 65. d8=Q Bxd8 66. Rxd8 g4
67. fxg4 1-0

[Event "Women's Speed Chess Q5"]
[Site "chess.com INT"]
[Date "2021.06.04"]
[Round "7"]
[White "Pandey, Srishti"]
[Black "Yu, Jennifer"]
[Result "0-1"]
[WhiteTitle "WFM"]
[BlackTitle "FM"]
[WhiteElo "2026"]
[BlackElo "2316"]
[WhiteFideId "35093290"]
[BlackFideId "2078341"]
[EventDate "2021.06.04"]

1. d4 d5 2. c4 e6 3. Nf3 Nf6 4. g3 Bb4+ 5. Bd2 Be7 6. Bg2 O-O 7. O-O Nbd7 8. Qc2
Ne4 9. Bf4 c6 10. Nc3 g5 11. Bc1 f5 12. Ne5 Nxe5 13. dxe5 Nxc3 14. Qxc3 Bd7 15.
b3 a5 16. Bb2 Qb6 17. Rad1 Be8 18. Bc1 Bg6 19. Be3 Qc7 20. cxd5 exd5 21. Bxd5+
Bf7 22. Bg2 Be6 23. Bc5 f4 24. Bd6 Bxd6 25. exd6 Qd7 26. Rd2 Rf7 27. Rfd1 a4 28.
Be4 axb3 29. axb3 Raf8 30. f3 g4 31. Rd3 gxf3 32. exf3 fxg3 33. hxg3 Rg7 34. Kf2
Qd8 35. Qe5 Qb6+ 36. Kg2 Bd7 37. Rh1 Qd8 38. Qh5 Rff7 39. Rh4 Qf6 40. Qh6 Qb2+
41. Qd2 Qe5 42. Qe1 Qg5 43. Rh2 h5 44. Kh1 Kf8 45. f4 Qg4 46. Bf3 Qxg3 47. Qxg3
Rxg3 48. Rxh5 Rxf4 49. Kh2 Rgxf3 50. Rd2 Rf2+ 51. Rxf2 Rxf2+ 52. Kg3 Rd2 53. Rh7
Rxd6 54. Kf4 Rd4+ 55. Ke5 c5 56. b4 b6 57. bxc5 bxc5 58. Rh8+ Ke7 59. Rh7+ Kd8
60. Rh2 Kc7 61. Rc2 Kc6 62. Rc1 Rd5+ 63. Ke4 Bf5+ 64. Ke3 Bd3 65. Kd2 c4 66. Kc3
Ra5 67. Kb4 Rb5+ 68. Kc3 Kc5 69. Rg1 Rb3+ 70. Kd2 Kd4 71. Rg4+ Be4 72. Rg8 Rb2+
73. Kc1 c3 74. Rd8+ Ke3 75. Rc8 Rb1# 0-1

[Event "Women's Speed Chess Q5"]
[Site "chess.com INT"]
[Date "2021.06.04"]
[Round "7"]
[White "Singgih, Diajeng Theresa"]
[Black "Torres Hernandez, Leslie Carolin"]
[Result "1-0"]
[WhiteTitle "WFM"]
[BlackTitle "WFM"]
[WhiteElo "1972"]
[BlackElo "1884"]
[WhiteFideId "7104391"]
[BlackFideId "8400504"]
[EventDate "2021.06.04"]

1. e4 e5 2. Nf3 Nc6 3. Bb5 Nd4 4. Nxd4 exd4 5. d3 c6 6. Bc4 d6 7. O-O Nf6 8. f4
Be7 9. e5 Nd5 10. Bxd5 cxd5 11. exd6 Bxd6 12. f5 O-O 13. f6 g6 14. Bh6 Re8 15.
Qd2 Qd7 16. Bg7 Qg4 17. Na3 a6 18. Rae1 Bf5 19. Qh6 Rxe1 20. Rxe1 Qh5 21. Qxh5
gxh5 22. Nb1 Bd7 23. Nd2 Re8 24. Rxe8+ Bxe8 25. Nf3 Bd7 26. Nxd4 h4 27. Kf2 h5
28. h3 Kh7 29. Nf3 Bg3+ 30. Ke3 Kg6 31. Kd4 Bc6 32. Ne5+ Bxe5+ 33. Kxe5 d4 34.
Kxd4 Bxg2 35. Ke3 Bxh3 36. Kf4 Be6 37. c4 h3 38. Kg3 h4+ 39. Kh2 Kg5 40. b3 Kf4
41. d4 Ke4 42. d5 Bd7 43. Bh6 Kd3 44. c5 Kd4 45. c6 bxc6 46. dxc6 Bc8 47. c7 Kc3
48. Bg5 Kb2 49. Bxh4 Kxa2 50. b4 Kb3 51. Be1 Kc4 52. Kg3 Kd5 53. Bf2 Ke6 54. Bd4
Kd6 55. Bb6 Kc6 56. Ba5 Kd5 57. Kh2 Ke6 58. Kg3 Kxf6 59. Bb6 Ke5 60. Bc5 Ke4 61.
Bd6 Ke3 62. Bf4+ Ke2 63. Kh4 f5 64. Kg3 Kd3 65. Kxh3 Ke4 66. Bd6 Kf3 67. Kh4 Ke4
68. Kg5 Bd7 69. Kf6 Bc8 70. Ke7 f4 71. Kd8 Bf5 72. c8=Q Bxc8 73. Kxc8 f3 74. Bc5
Kd5 75. Kb7 a5 76. b5 a4 77. b6 a3 78. Kc7 a2 79. b7 a1=Q 80. b8=Q Qa5+ 81. Bb6
Qc5+ 82. Bxc5 1-0

[Event "Women's Speed Chess Q5"]
[Site "chess.com INT"]
[Date "2021.06.04"]
[Round "8"]
[White "Sedina, Elena"]
[Black "Smietanska, Wiktoria"]
[Result "1-0"]
[WhiteTitle "IM"]
[BlackTitle "CM"]
[WhiteElo "2294"]
[BlackElo "1802"]
[WhiteFideId "812153"]
[BlackFideId "21869359"]
[EventDate "2021.06.04"]

1. e4 c5 2. Nf3 d6 3. Bb5+ Nd7 4. O-O Nf6 5. Re1 a6 6. Bf1 g6 7. c3 Bg7 8. d4
cxd4 9. cxd4 O-O 10. Nc3 b5 11. e5 dxe5 12. dxe5 Ng4 13. Qd5 Rb8 14. e6 Ndf6 15.
exf7+ Kh8 16. Qxd8 Rxd8 17. Rxe7 Bf8 18. Re2 Rb7 19. h3 Nh6 20. Bg5 Bg7 21. Bxf6
Bxf6 22. Re8+ Kg7 23. f8=Q# 1-0

[Event "Women's Speed Chess Q5"]
[Site "chess.com INT"]
[Date "2021.06.04"]
[Round "8"]
[White "Szente Varga, Fruzsina"]
[Black "Von Herman, Brigitte"]
[Result "0-1"]
[WhiteTitle "WFM"]
[BlackTitle "WFM"]
[WhiteElo "2100"]
[BlackElo "1991"]
[WhiteFideId "712264"]
[BlackFideId "4628730"]
[EventDate "2021.06.04"]

1. e4 e5 2. d4 exd4 3. Qxd4 Nc6 4. Qe3 Nf6 5. Bd2 d6 6. Nc3 Be6 7. O-O-O Be7 8.
f4 O-O 9. f5 Bc8 10. Be2 d5 11. exd5 Nxd5 12. Nxd5 Qxd5 13. Kb1 Bxf5 14. Nf3 Qe4
15. Qxe4 Bxe4 16. Rhe1 Bf6 17. Bd3 Bxd3 18. cxd3 Rfe8 19. Rxe8+ Rxe8 20. Re1
Rxe1+ 21. Bxe1 Nd4 22. Nxd4 Bxd4 23. Bg3 c6 24. Kc2 f5 25. b3 Kf7 26. Be1 Ke6
27. Bc3 Kd5 28. Bxd4 Kxd4 29. Kd2 c5 30. g3 g5 31. Ke2 b5 32. Kd2 a5 33. Ke2 Kc3
34. Ke3 Kb2 35. d4 cxd4+ 36. Kxd4 Kxa2 37. Ke5 Kxb3 38. Kxf5 h6 39. Kg6 a4 40.
Kxh6 a3 41. Kxg5 a2 42. h4 a1=Q 43. h5 Qg7+ 44. Kh4 Kc4 45. g4 b4 0-1

[Event "Women's Speed Chess Q5"]
[Site "chess.com INT"]
[Date "2021.06.04"]
[Round "8"]
[White "Paehtz, Elisabeth"]
[Black "Yu, Jennifer"]
[Result "1-0"]
[WhiteTitle "IM"]
[BlackTitle "FM"]
[WhiteElo "2456"]
[BlackElo "2316"]
[WhiteFideId "4641833"]
[BlackFideId "2078341"]
[EventDate "2021.06.04"]

1. d4 d5 2. Bf4 Nf6 3. e3 e6 4. c3 Bd6 5. Nd2 c5 6. Ngf3 Bxf4 7. exf4 cxd4 8.
Nxd4 Nc6 9. N2f3 O-O 10. Bd3 Qc7 11. Qd2 Nxd4 12. Nxd4 Bd7 13. O-O Rfe8 14. Rae1
Rab8 15. Qe3 b5 16. a3 a5 17. Rc1 Qd6 18. Qe5 Qe7 19. Rfe1 Ng4 20. Qh5 Nf6 21.
Qh4 Qd6 22. Re5 b4 23. axb4 axb4 24. Bxh7+ Nxh7 25. Rh5 g5 26. fxg5 e5 27. Rxh7
exd4 28. Rh8+ Kg7 29. Qh7# 1-0

[Event "Women's Speed Chess Q5"]
[Site "chess.com INT"]
[Date "2021.06.04"]
[Round "8"]
[White "Tomilova, Elena"]
[Black "Dauletova, Gulmira"]
[Result "1-0"]
[WhiteTitle "WGM"]
[BlackTitle "WGM"]
[WhiteElo "2353"]
[BlackElo "2257"]
[WhiteFideId "4162340"]
[BlackFideId "13702971"]
[EventDate "2021.06.04"]

1. e4 e5 2. Nf3 Nc6 3. Nc3 Nf6 4. Be2 Bc5 5. Nxe5 Nxe5 6. d4 d6 7. dxc5 dxc5 8.
Qxd8+ Kxd8 9. Bg5 Nd7 10. O-O-O Ke8 11. Nb5 Nxe4 12. Nxc7+ Kf8 13. Nxa8 Nxg5 14.
Bg4 Ne6 15. Bxe6 fxe6 16. Nc7 Ke7 17. Rhe1 Nf6 18. Nd5+ Kf7 19. Nxf6 gxf6 20. f4
Rg8 21. g3 Ke7 22. Rd5 b6 23. Rh5 Rg7 24. c4 Bb7 25. Re3 Bc6 26. Rh6 Be8 27. f5
e5 28. Rxe5+ fxe5 29. f6+ Kf7 30. fxg7 Kxg7 31. Re6 Bf7 32. Rxe5 Bxc4 33. Re7+
Kg6 34. Rxa7 b5 35. b3 Bd3 36. Kd2 c4 37. b4 Bb1 38. a3 Bd3 39. Ra5 h5 40. Rxb5 1-0

[Event "Women's Speed Chess Q5"]
[Site "chess.com INT"]
[Date "2021.06.04"]
[Round "8"]
[White "Sviridova, Vlada"]
[Black "Singgih, Diajeng Theresa"]
[Result "1-0"]
[WhiteTitle "WFM"]
[BlackTitle "WFM"]
[WhiteElo "2144"]
[BlackElo "1972"]
[WhiteFideId "24109606"]
[BlackFideId "7104391"]
[EventDate "2021.06.04"]

1. d4 d5 2. c4 e6 3. Nf3 Nf6 4. Nc3 Be7 5. Bf4 O-O 6. e3 b6 7. cxd5 Nxd5 8. Nxd5
exd5 9. Bd3 c5 10. O-O c4 11. Bc2 Nc6 12. a3 b5 13. Ne5 Nxe5 14. Bxe5 a5 15. Qh5
h6 16. f4 b4 17. axb4 Bxb4 18. Rf3 Bd6 19. Rg3 Bxe5 20. fxe5 Kh8 21. Rf1 f5 22.
exf6 Rxf6 23. Rxf6 Qxf6 24. Qxd5 Rb8 25. Rf3 Qe6 26. Qd8+ 1-0

[Event "Women's Speed Chess Q5"]
[Site "chess.com INT"]
[Date "2021.06.04"]
[Round "8"]
[White "Soumya, Swaminathan"]
[Black "Kabanova, Ekaterina"]
[Result "1-0"]
[WhiteTitle "IM"]
[BlackTitle "WFM"]
[WhiteElo "2351"]
[BlackElo "2138"]
[WhiteFideId "5016193"]
[BlackFideId "24112917"]
[EventDate "2021.06.04"]

1. d4 c5 2. d5 e5 3. e4 a6 4. a4 d6 5. Nc3 Ne7 6. Nf3 Ng6 7. Nd2 Be7 8. Nc4 b6
9. g3 O-O 10. h4 Re8 11. h5 Nf8 12. Qf3 h6 13. Be3 Nbd7 14. Qg2 Rb8 15. Na3 Nh7
16. f4 Kh8 17. Bd3 Bf6 18. Kd2 Qc7 19. Raf1 exf4 20. gxf4 Bxc3+ 21. bxc3 b5 22.
Rhg1 Rg8 23. axb5 c4 24. Bd4 Nhf6 25. b6 Rxb6 26. Nxc4 Rb8 27. e5 dxe5 28. fxe5
Ne8 29. Rxf7 Qd8 30. Qg6 1-0